Psychiatry essentials : A systematic review
Comprehensive review of clinical psychiatry written from a student's perspective. Each topic is divided into three sections: 'The Basics,' 'Essential Features,' and 'Depth and Detail,' corresponding to a different point in the rotation. DNLM: Mental Disorders--Exam...
Gespeichert in:
| 1. Verfasser: | |
|---|---|
| Format: | Buch |
| Sprache: | Undetermined |
| Veröffentlicht: |
Philadelphia
Hanley & Belfus, Inc.
2002
|
| Schlagworte: | |
| Tags: |
Tag hinzufügen
Keine Tags, Fügen Sie den ersten Tag hinzu!
|
| Thư viện lưu trữ: | Trung tâm Học liệu Trường Đại học Cần Thơ |
|---|
| LEADER | 01011nam a2200217Ia 4500 | ||
|---|---|---|---|
| 001 | CTU_165585 | ||
| 008 | 210402s9999 xx 000 0 und d | ||
| 020 | |c 24.95 | ||
| 082 | |a 616.890076 | ||
| 082 | |b K81 | ||
| 100 | |a Kolevzon, Alex | ||
| 245 | 0 | |a Psychiatry essentials : | |
| 245 | 2 | |b A systematic review | |
| 245 | 0 | |c Alex Kolevzon, Daphne Simeon | |
| 260 | |a Philadelphia | ||
| 260 | |b Hanley & Belfus, Inc. | ||
| 260 | |c 2002 | ||
| 520 | |a Comprehensive review of clinical psychiatry written from a student's perspective. Each topic is divided into three sections: 'The Basics,' 'Essential Features,' and 'Depth and Detail,' corresponding to a different point in the rotation. DNLM: Mental Disorders--Examination Questions. | ||
| 650 | |a Psychiatry,Mental illness,Psychology, Pathological,Mental Disorders,Tâm thần học,Bệnh tâm thần,Tâm lý học, Bệnh lý,Rối loạn tâm thần | ||
| 904 | |i Yen,Qhieu | ||
| 980 | |a Trung tâm Học liệu Trường Đại học Cần Thơ | ||